000
00266nam a2200121 a 4500
008
100917s1981|||| d
245
1
0
_a
Ragtime
100
1
_a
Doctorow, E.L.
260
_b
Pravda
_a
Bratislava
_c
1981
020
_c
25
044
_a
xo
_c
SK
041
_a
slo
999
_c
10448
_d
10448